The minister's guide for special occasions. (Record no. 8742)

000 -LEADER
fixed length control field 00587nam a2200181 a 4500
001 - CONTROL NUMBER
control field :::00006520$&:&@@
003 - CONTROL NUMBER IDENTIFIER
control field OkBaRHE
005 - DATE AND TIME OF LATEST TRANSACTION
control field 20110323131212.0
008 - FIXED-LENGTH DATA ELEMENTS--GENERAL INFORMATION
fixed length control field s1953 j 000 0 eng u
040 ## - CATALOGING SOURCE
Transcribing agency
100 1# - MAIN ENTRY--PERSONAL NAME
Personal name Tharp, Zeno C.
245 14 - TITLE STATEMENT
Title The minister's guide for special occasions.
260 ## - PUBLICATION, DISTRIBUTION, ETC. (IMPRINT)
Place of publication, distribution, etc Cleveland, TN., :
Name of publisher, distributor, etc Church of God Publishing House
Date of publication, distribution, etc c1953
300 ## - PHYSICAL DESCRIPTION
Extent 244 p. ;
Dimensions 16 cm.
650 ## - SUBJECT ADDED ENTRY--TOPICAL TERM
Topical term or geographic name as entry element Occasional Services
942 ## - ADDED ENTRY ELEMENTS (KOHA)
Source of classification or shelving scheme
Koha item type Books
Copies
Full call number Date last seen Date acquired Barcode Source of classification or shelving scheme Total Checkouts Current Location Withdrawn status Date checked out Lost status Copy number Koha item type Not for loan Damaged status Shelving location Price effective from Permanent Location
BV 199 .T452018-01-302010-04-146520 1RHEMA Bible Training College 2018-01-19 1Books  General Stacks2010-04-14RHEMA Bible Training College